00646nam a2200217Ia 450000500170000000800410001702000180005804000180007604100080009408200230010210000190012524500690014425000120021326000340022530000310025965000390029065000240032965000270035365000250038070000230040520260321110238.0210716s2009 xx 000 0 und d a9788131714034 cAIMIT LIBRARY aeng a658.4062 21bAWAE aAwad, Elias M. aKnowledge management /cBy Ellias M. Awad and Hassan M. Ghaziri. a1st ed. aNew Delhi :bPearson ,c2007. axviii, 480p. ;c24 cm.bPB aKnowledge management systems cycle aKnowledge creation  aknowledge architecture aKnowledge Management aGhaziri, Hassan M.